000
00219nam a2200097Ia 4500
008
220204s9999 xx 000 0 und d
082
_a
82-3
_b
COX
100
_a
Coxhead, Nona
245
0
_a
No ordinary madness
942
_c
BK
999
_c
37756
_d
37756